Flag maps of counties in the USA - Statistics

General Stats
  • This quiz has been taken 3 times
    2 since last reset
  • The average score is 17 of 38
Answer Stats
Picture Hint Answer % Correct
Arizona Maricopa County
100%
Massachusetts Barnstable County
50%
New York Bronx County
50%
West Virginia Calhoun County
50%
Arizona Coconino County
50%
Illinois Cook County
50%
West Virginia Doddridge County
50%
West Virginia Fayette County
50%
Hawaii Hawaii
50%
Minnesota Hennepin County
50%
Hawaii Honolulu
50%
West Virginia Kanawha County
50%
New York Kings County
50%
Florida Lake County
50%
California Los Angeles County
50%
West Virginia Marion County
50%
West Virginia Marshall County
50%
West Virginia Mercer County
50%
West Virginia Monongalia County
50%
New York New York County
50%
West Virginia Preston County
50%
New York Queens County
50%
West Virginia Raleigh County
50%
New York Richmond County
50%
West Virginia Roane County
50%
New York Rockland County
50%
California San Bernardino County
50%
California San Francisco
50%
New York Suffolk County
50%
West Virginia Wood County
50%
Arizona Yavapai County
50%
California Yolo County
50%
Arizona Yuma County
50%
Virginia Arlington County
0%
Maine Aroostook County
0%
West Virginia Barbour County
0%
West Virginia Morgan County
0%
Louisiana Plaquemines Parish
0%
No matching quizzes found
Score Distribution
Percent of People with Each Score
Percentile by Number Answered
Your Score History
You have not taken this quiz since the last reset